KOHA-Header-6

Nurjahan (Record no. 7016)

000 -LEADER
fixed length control field 00212nam a2200109Ia 4500
020 ## - INTERNATIONAL STANDARD BOOK NUMBER
ISBN 978-8174360298
100 ## - MAIN ENTRY--AUTHOR NAME
Personal name Jyoti Jafa
245 #0 - TITLE STATEMENT
Title Nurjahan
260 ## - PUBLICATION, DISTRIBUTION, ETC. (IMPRINT)
Place of publication New Delhi
Name of publisher CRC
Year of publication 1994
300 ## - PHYSICAL DESCRIPTION
Number of Pages 260
942 ## - ADDED ENTRY ELEMENTS (KOHA)
Koha item type Books
Holdings
Withdrawn status Lost status Permanent Location Current Location Date acquired Full call number Accession Number Koha item type
    MAJU MAJU 2019-09-11 910.9 Av614 Books

Powered by Koha